| 000 | 01173nam a2200229Ia 4500 | ||
|---|---|---|---|
| 001 | L240-12536 | ||
| 003 | IT-CnALBA | ||
| 008 | 170116s9999||||xx |||||||||||||| ||und|| | ||
| 040 |
_aIT-CnALBA _cIT-CnALBA |
||
| 041 | _aITALIANO | ||
| 100 | _aMATTEIS CESARE | ||
| 245 | 0 | _aINCONTRO AL MATRIMONIO. | |
| 250 | _a1a ed. | ||
| 260 |
_a TIPOGRAFIA. PINEROLO. _bALZANI EDIZIONI _c1954 [1° Ed.:1954 - Ed.Ling.Originale: 1954] |
||
| 300 | _a137 p. (prefazione: 5) | ||
| 500 | _aPREFAZIONE DI N. SALVANESCHI. AMORE CRISTIANO. CARATTERISTICHE. CASTITÀ PREMATRIMONIALE. SEGRETO DI RIUSCITA. PREPARAZIONE AL MATRIMONIO. FIDANZAMENTO. FECONDITÀ. CONTINENZA PERIODICA. FIGLIO UNICO DIVORZIO. FELICITÀ MATRIMONIALE. | ||
| 501 | _aSocietà San Paolo EM - Piazza San Paolo, 14 - 12051 ALBA (CN) (non commercial uses only) ® Copyright 2017 | ||
| 520 | _aPREFAZIONE DI N. SALVANESCHI. AMORE CRISTIANO. CARATTERISTICHE. CASTITÀ PREMATRIMONIALE. SEGRETO DI RIUSCITA. PREPARAZIONE AL MATRIMONIO. FIDANZAMENTO. FECONDITÀ. CONTINENZA PERIODICA. FIGLIO UNICO DIVORZIO. FELICITÀ MATRIMONIALE. | ||
| 650 | _aTEOLOGIA SPIRITUALE CRISTIANA | ||
| 942 | _cBK | ||
| 957 | _71 | ||
| 999 |
_a17289 _bNO _g Copie: 1 _c271712 _d271712 |
||